000 00366nam a2200133Ia 4500
005 20260328101440.0
008 260328s9999||||xx |||||||||||||| ||und||
100 _aDrew, Philip
245 0 _aTercera generación :
_b La significación cambiante de la Arquitectura /
_cPhilip Drew
260 _bGustavo Gili
300 _a176 p.
650 _aARQUITECTOS
942 _cBK
999 _c8219
_d8219